Central Library OPAC University of Rajshahi

China under communism : (Record no. 25638)

MARC details
000 -LEADER
fixed length control field 00748nam a22002411i 4500
001 - CONTROL NUMBER
control field 25638
003 - CONTROL NUMBER IDENTIFIER
rucl marc code BD-RjUL
005 - DATE AND TIME OF LATEST TRANSACTION
control field 20211209050915.0
008 - FIXED-LENGTH DATA ELEMENTS--GENERAL INFORMATION
fixed length control field 140318s1956 enka b 00100 eng d
035 ## - SYSTEM CONTROL NUMBER
System control number (BD-RjUL)25708
040 ## - CATALOGING SOURCE
Original cataloging agency DLC
Language of cataloging eng
Transcribing agency DLC
Modifying agency BD-RjUL
041 ## - LANGUAGE CODE
Language code of text/sound track or separate title eng
082 04 - DEWEY DECIMAL CLASSIFICATION NUMBER
Classification number 951.05
Author mark and year WAC 1956
100 1# - MAIN ENTRY--PERSONAL NAME
Personal name Walker, Richard L.
Fuller form of name (Richard Louis),
Dates associated with a name 1922-
9 (RLIN) 78776
245 10 - TITLE STATEMENT
Title China under communism :
Remainder of title the first five years.
Statement of responsibility, etc. Richard L. Walker.
260 0# - PUBLICATION, DISTRIBUTION, ETC. (IMPRINT)
Place of publication, distribution, etc. London :
Name of publisher, distributor, etc. Allen & Unwin,
Date of publication, distribution, etc. 1956.
300 ## - PHYSICAL DESCRIPTION
Pagination xv, 403p. :
Illustrations ill.;
Size 22 cm.
504 ## - BIBLIOGRAPHY, ETC. NOTE
Bibliography, etc Includes bibliographical references and index.
650 #0 - SUBJECT ADDED ENTRY--TOPICAL TERM
Topical term or geographic name as entry element Communism
Geographic subdivision China.
9 (RLIN) 78777
651 #0 - SUBJECT ADDED ENTRY--GEOGRAPHIC NAME
Geographic name China
General subdivision History
Chronological subdivision 1945-
9 (RLIN) 78778
942 ## - ADDED ENTRY ELEMENTS (KOHA)
Source of classification or shelving scheme Dewey Decimal Classification
Koha item type Books
Holdings
Lost status Source of classification or shelving scheme Damaged status Not for loan Collection code Permanent Location Current Location Shelving location Date acquired Source of acquisition Cost, normal purchase price Total Checkouts Full call number Date last seen Copy number Koha item type
  Dewey Decimal Classification   Added to bundle Non-fiction Central Library, University of Rajshahi Central Library, University of Rajshahi Reading Room 12/09/1956 Pak-American. 24.60   951.05 WAC 1956 18/03/2014 C-1 Books